Ponencias /
Guardado en:
| Autor Corporativo: | |
|---|---|
| Otros Autores: | , |
| Formato: | Procedimiento de la Conferencia |
| Lenguaje: | Spanish |
| Publicado: |
Córdoba, Argentina :
UNICEF; Fundación Antorchas; Fundación INCIDE; Municipalidad de Córdoba ; Colegio de Profesionales de Trabajo Social de Córdoba ; Colegio de Escribanos de la Provincia de Cordoba,
2000
|
| Etiquetas: |
Agregar Etiqueta
Sin Etiquetas, Sea el primero en etiquetar este registro!
|
MARC
| LEADER | 00000 a2200000 04500 | ||
|---|---|---|---|
| 003 | cru CRAI/IIS | ||
| 005 | 20210310140603.0 | ||
| 008 | 210304s2000 ag |||||r|||| 00| 0 spa d | ||
| 040 | |c cru CRAI/IIS | ||
| 090 | |a 14.02.02 J82p | ||
| 111 | 2 | |9 9854 |a Jornadas Internacionales de Investigación Social sobre Infancia y Adolescencia, la Convención de los derechos del Niño y las Prácticas Sociales. |c Córdoba, Argentina : |d 1999 setiembre 27-29 | |
| 245 | 1 | |a Ponencias / |c María Inés Laje, Julia Reartes, compiladoras | |
| 260 | |a Córdoba, Argentina : |b UNICEF; |b Fundación Antorchas; |b Fundación INCIDE; |b Municipalidad de Córdoba ; |b Colegio de Profesionales de Trabajo Social de Córdoba ; |b Colegio de Escribanos de la Provincia de Cordoba, |c 2000 | ||
| 300 | |a 629 páginas | ||
| 500 | |a 14732.01-39 clasificación anterior | ||
| 700 | 1 | |9 9855 |a Laje, María Inés |e Compiladora | |
| 700 | 1 | |9 9856 |a Reartes, Julia |e Compiladora | |
| 942 | |2 z |c LI |h 14.02.02 J82p |i 21150 |6 140202_J82P_21150 | ||
| 999 | |c 43626 |d 43626 | ||
